| 000 | 00906nas a2200277 4500 | ||
|---|---|---|---|
| 001 | BR2013005873 | ||
| 003 | BR-BrBNA | ||
| 005 | 20231205122728.0 | ||
| 007 | ta | ||
| 008 | 230509b bl.|||p| |||| 00| 00por d | ||
| 040 |
_aBR-BrBNA _bpor _cBiblioteca Nacional de Agricultura |
||
| 041 | _a(Pt) | ||
| 072 | _aP06; U10 | ||
| 100 | 1 | _aCosta, L.M. | |
| 100 | 1 | _aResende, O. | |
| 100 | 1 | _aOliveira, D.E.C. de | |
| 245 | 1 | _aIsotermas de dessorção e calor isostérico dos frutos de crambe | |
| 650 | _aCALORIMETRIA | ||
| 650 | _aEQUILÍBRIO HIGROSCÓPICO | ||
| 650 | _aMODELO MATEMÁTICO | ||
| 650 | _aTEOR DE UMIDADE | ||
| 773 | 0 |
_tRevista Brasileira de Engenharia Agrícola e Ambiental (Brazil) _xISSN 1807-1929 _g(Apr 2013), v. 17(4) p. 412-418 _wBR2013005873 |
|
| 856 | 4 | 0 | _uhttp://www.scielo.br/pdf/rbeaa/v17n4/a09v17n4.pdf |
| 909 |
_a202311 _bLúcia _c55 _dLúcia Elande |
||
| 942 |
_2AGRIS _n0 _cANA |
||
| 999 |
_c230214 _d230214 |
||